[Event "Computer T ICC 60 10"]
[Site "Internet Chess Club"]
[Date "2002.01.19"]
[Round "2"]
[White "GANDALF 5"]
[Black "POSTMODERNIST"]
[Result "1/2-1/2"]
[WhiteElo "2598"]
[BlackElo "2504"]
[PlyCount "189"]
[EventDate "2002.01.19"]
[EventType "swiss"]
[EventRounds "11"]
[EventCountry "USA"]
[Source "Fruth,M"]
[SourceDate "2003.05.15"]

1. d4 d5 2. c4 Nc6 3. Nc3 dxc4 4. d5 Ne5 5. Qd4 Ng6 6. Qxc4 a6 7. e4 e6 8. Nf3
Nf6 9. Bg5 Bd6 10. Qd4 e5 11. Qa4+ Bd7 12. Qb3 b5 13. Bd3 h6 14. Bd2 O-O 15.
O-O c6 16. Rfe1 b4 17. Nd1 a5 18. Ne3 cxd5 19. Nxd5 Bg4 20. Bc4 Nxd5 21. Bxd5
Rc8 22. h3 Bd7 23. a3 a4 24. Qd3 bxa3 25. bxa3 Qe7 26. Reb1 Rb8 27. Rd1 Bc5 28.
Rdc1 Bb5 29. Qc3 Bd6 30. Be3 Rfd8 31. Kh1 Bd7 32. Rd1 Qf6 33. Nh2 Ne7 34. Bc4
Be6 35. Bxe6 Qxe6 36. Nf3 f5 37. exf5 Nxf5 38. Qa5 Nxe3 39. fxe3 e4 40. Nd4 Qe5
41. Qxe5 Bxe5 42. Nc6 Bxa1 43. Rxa1 Rf8 44. Nxb8 Rxb8 45. Kh2 Rb3 46. Kg3 Rxe3+
47. Kf4 Re2 48. Rc1 Rxg2 49. Rc4 Rh2 50. Kg4 Re2 51. Rxa4 Kf7 52. Kf5 e3 53.
Ra7+ Kf8 54. Ke4 g5 55. a4 Rh2 56. Kxe3 Rxh3+ 57. Ke4 g4 58. a5 Rc3 59. Rh7 Rc6
60. Kf4 Kg8 61. Re7 h5 62. Re5 Rc4+ 63. Kg3 Rc3+ 64. Kf4 Rf3+ 65. Kg5 g3 66.
Kh4 Kf7 67. Rg5 Ra3 68. Rxg3 Rxa5 69. Kh3 Kf6 70. Rf3+ Kg5 71. Rg3+ Kf4 72. Rg8
Ra1 73. Rf8+ Ke4 74. Re8+ Kf3 75. Rf8+ Ke3 76. Rf5 Rh1+ 77. Kg2 Rh4 78. Kg3
Rg4+ 79. Kh3 Rg6 80. Kh4 Rg7 81. Kxh5 Rg8 82. Rf7 Rh8+ 83. Kg6 Rh3 84. Rf8 Rh4
85. Re8+ Re4 86. Rg8 Re5 87. Rf8 Re6+ 88. Kh7 Re7+ 89. Kh8 Re6 90. Kg8 Re7 91.
Rd8 Re6 92. Kh8 Re7 93. Kg8 Re6 94. Kh8 Re7 95. Kg8 1/2-1/2

[Event "Rijeka Liburnija 1st"]
[Site "Rijeka"]
[Date "2005.04.15"]
[Round "5"]
[White "Saric, Ante"]
[Black "Fercec, Nenad"]
[Result "1-0"]
[WhiteElo "2472"]
[BlackElo "2504"]
[PlyCount "83"]
[EventDate "2005.04.11"]
[EventType "tourn"]
[EventRounds "11"]
[EventCountry "CRO"]
[EventCategory "10"]
[Source "ChessBase"]
[SourceDate "2005.05.28"]

1. d4 d5 2. c4 Nc6 3. Nc3 dxc4 4. Nf3 Nf6 5. e4 Bg4 6. Be3 Bxf3 7. gxf3 e5 8.
d5 Nb8 9. Bxc4 Nbd7 10. Rg1 g6 11. Qb3 Bc5 12. Bh6 Bf8 13. Bg5 Bg7 14. Qxb7 Rb8
15. Qxa7 Rxb2 16. Bb3 O-O 17. Qa3 Rxb3 18. Qxb3 h6 19. Be3 Nh5 20. Qb5 Nf4 21.
Rb1 Qe7 22. Qc6 Nb8 23. Qc4 Rc8 24. Ne2 Nd7 25. Qc6 Nf6 26. d6 Nd3+ 27. Kd2 Qd8
28. Kxd3 cxd6 29. Bb6 Qf8 30. Qb5 d5 31. Qb4 Qe8 32. Rgc1 dxe4+ 33. fxe4 Qd7+
34. Ke3 Rxc1 35. Nxc1 Qd1 36. h3 h5 37. Ne2 Qd7 38. Ng1 Bh6+ 39. Ke2 Qc6 40.
Be3 Qc2+ 41. Kf3 Bf8 42. Rc1 1-0

[Event "Elektroprivreda Day Rapid"]
[Site "Niksic MNE"]
[Date "2008.08.22"]
[Round "3.1"]
[White "Georgiev, Ki"]
[Black "Miladinovic, I."]
[Result "1-0"]
[WhiteElo "2671"]
[BlackElo "2571"]
[PlyCount "75"]
[EventDate "2008.08.22"]
[SourceDate "1999.07.01"]

1. d4 d5 2. c4 Nc6 3. Nc3 Nf6 4. Nf3 dxc4 5. e4 Bg4 6. Be3 e6 7. Bxc4 Bb4 8.
Qc2 O-O 9. Rd1 Qe7 10. Be2 e5 11. d5 Nd4 12. Nxd4 exd4 13. Rxd4 Bxe2 14. Kxe2
Ng4 15. Nd1 Bc5 16. Rc4 Nxe3 17. Nxe3 Bxe3 18. Kxe3 Rae8 19. f4 Qd6 20. Rd1 Qh6
21. g3 f5 22. Rdd4 g5 23. Qf2 fxe4 24. Rxe4 Qd6 25. Rcd4 Rxe4+ 26. Kxe4 c6 27.
Qd2 c5 28. Rd3 g4 29. Ke3 c4 30. Rd4 Qc5 31. Kf2 Re8 32. Kg2 Qb5 33. f5 Kf7 34.
Rxg4 c3 35. Qxc3 Qe2+ 36. Kh3 Qf1+ 37. Kh4 Ke7 38. Qc7+ 1-0